| 000 | 00489nam a2200181Ia 4500 | ||
|---|---|---|---|
| 008 | 191130s2009##################000#0#eng## | ||
| 020 | _a9780879698256 | ||
| 040 |
_aACL _cACL |
||
| 082 | _a611.71 POU | ||
| 100 | _aPourquie, Olivier | ||
| 245 |
_aThe skeletal system _cOlivier Pourquie |
||
| 260 |
_aNew York _bCold Spring Harbor Laboratory Press _c2009 |
||
| 300 | _a365 p | ||
| 650 | _aMedicine | ||
| 990 | _ab6d3fde7ac10000c0605897b9d0d8bbb | ||
| 991 | _a62818 | ||
| 999 |
_c419073 _d419073 |
||